000 00833nac a22002417a 4500
001 BR7310956
003 BR-BrBNA
005 20240105113625.0
008 230509b bl.|||m| |||| 00| 0 por d
040 _aBR-BrBNA
_bpor
_cBiblioteca Nacional de Agricultura
072 _aP05
090 _aP05 BR7310956
110 1 _aMinisterio das Minas e Energia, Brasilia, DF (Brasil)
_97081
245 1 _aRelatorio das atividades de 1972. Programa da realizacoes para 1973 [Ministerio das Minas e Energia, Brasil]
260 3 _aBrasilia, DF (Brasil):
_c1973.
300 _a188 p.
490 _aRelatorio - Ministerio das Minas e Energia (Brazil)
_v
_x
500 _a48 illus.; Summaries (En, Pt)
650 _aRECURSO ENERGETICO
650 _aCARVAO MINERAL
909 _a202312
_bLúcia Elande
_c55
_dLúcia Elande
942 _2AGRIS
_n0
_cMS
999 _c264704
_d264704